Quản trị nhân sự : Tài liệu hướng dẫn học tập

Giới thiệu tổng quan về quản trị nguồn nhân lực, phân tích công việc, lập kế hoạch nguồn nhân lực và tuyển dụng,...

Zapisane w:
Opis bibliograficzny
1. autor: Huỳnh, Thị Cẩm Lý
Format: Książka
Język:Undetermined
Wydane: Cần Thơ Nxb. Đại học Cần Thơ 2011
Hasła przedmiotowe:
Etykiety: Dodaj etykietę
Nie ma etykietki, Dołącz pierwszą etykiete!
Thư viện lưu trữ: Trung tâm Học liệu Trường Đại học Cần Thơ
LEADER 00826nam a2200205Ia 4500
001 CTU_229439
008 210402s9999 xx 000 0 und d
082 |a 658.3 
082 |b L600 
100 |a Huỳnh, Thị Cẩm Lý 
245 0 |a Quản trị nhân sự : 
245 0 |b Tài liệu hướng dẫn học tập 
245 0 |c Huỳnh Thị Cẩm Lý (Biên soạn) 
260 |a Cần Thơ 
260 |b Nxb. Đại học Cần Thơ 
260 |c 2011 
520 |a Giới thiệu tổng quan về quản trị nguồn nhân lực, phân tích công việc, lập kế hoạch nguồn nhân lực và tuyển dụng,... 
650 |a Quản trị nhân sự,Personnel management 
910 |b nthai 
980 |a Trung tâm Học liệu Trường Đại học Cần Thơ